Balkan Cities Sudden Death - Statistics

General Stats
  • This quiz has been taken 80 times
  • The average score is 7 of 15
Answers on the Grid
Answers color-coded by a green-red scale on the quiz's grid according to % correct below.
Athens
Thessaloniki
Helios
Rome
Istanbul
Constanta
Savastapol
Venice
Andorra La Vella
Lyon
Budapest
Alexandria
Barut
Bucharest
Xi’an
Vlore
Shkoder
Tirana
Kotor
Pretoria
Novi Sad
Praha
Prague
Split
Zagreb
Salzburg
Vienna
Ragusa
Bar
Sparti
 
Answer Stats
Answer % Correct
Athens
90%
Thessaloniki
81%
Novi Sad
63%
Zagreb
59%
Tirana
58%
Split
56%
Shkoder
51%
Bucharest
49%
Istanbul
47%
Constanta
44%
Kotor
39%
Bar
31%
Vlore
31%
Budapest
22%
Sparti
20%
No matching quizzes found
Score Distribution
Percent of People with Each Score
Percentile by Number Answered
Your Score History
You have not taken this quiz